[Event "Open"]
[Site "Bar MNE"]
[Date "2010.04.19"]
[Round "4"]
[White "Draganic,V"]
[Black "Todorovic,GN"]
[Result "1-0"]
[WhiteElo "2268"]
[BlackElo "2394"]

1.d4 Nf6 2.c4 e6 3.Nc3 Bb4 4.Nf3 c5 5.g3 Ne4 6.Qd3 Qa5 7.Qxe4 Bxc3+ 8.Bd2 Bxd2+
9.Nxd2 cxd4 10.Qxd4 O-O 11.Bg2 Nc6 12.Qd3 Rd8 13.O-O Qb6 14.Nb3 d5 15.cxd5 exd5
16.Rfd1 Be6 17.Nd4 Nxd4 18.Qxd4 Qxd4 19.Rxd4 Rd7 20.Rad1 Rad8 21.Bf3 Kf8
22.Kg2 Ke7 23.h4 h6 24.e3 Rd6 25.R1d2 R8d7 26.Bd1 Rd8 27.Bb3 R8d7 28.g4 g5
29.Kg3 Rd8 30.f3 f6 31.Rh2 Bg8 32.hxg5 hxg5 33.Rh8 Kf8 34.Rh2 Ke7 35.Rhd2 Be6
36.Rh2 Bg8 37.f4 a5 38.f5 Rb6 39.Rhd2 Rb5 40.Rh2 Rb4 41.Rxb4 axb4 42.Rh6 Rd6
43.Kf3 Rc6 44.Rh8 Bf7 45.Rh7 Rd6 46.Ke2 Kf8 47.Kd3 Kg8 48.Rh2 Rd7 49.Kd4 Re7
50.Bc2 Rc7 51.Bb3 Re7 52.Bc2 Rc7 53.Bb3 Re7 54.Bc2 Rc7 55.Bd3 Rc1 56.Rc2 Ra1
57.b3 Rg1 58.Be2 Ra1 59.Kc5 Rg1 60.Bf3 Re1 61.Re2 Rc1+ 62.Kxb4 Kf8 63.Rd2 Rg1
64.Kc5 Be8 65.Kd6 b5 66.Rc2 Rg3 67.Bxd5 Rxe3 68.Rc8 Kg7 69.Be6 Kf8 70.a4 bxa4
71.bxa4 Ra3 72.Ra8 Rxa4 73.Rxe8+  1-0

[Event "Open"]
[Site "Bar MNE"]
[Date "2010.04.21"]
[Round "6"]
[White "Lekic,D"]
[Black "Rajkovic,Du"]
[Result "1-0"]
[WhiteElo "2396"]
[BlackElo "2463"]

1.d4 Nf6 2.c4 e6 3.Nc3 Bb4 4.Nf3 b6 5.Bg5 Bb7 6.Nd2 h6 7.Bh4 O-O 8.e4 g5
9.Bg3 Bxe4 10.h4 Bg6 11.hxg5 hxg5 12.Qf3 Nc6 13.Bxc7 Qe7 14.Be5 Nxe5 15.dxe5 Nh7
16.a3 Bc5 17.Nde4 f5 18.Nxc5 Qxc5 19.Qe3 Qxe3+ 20.fxe3 f4 21.exf4 Rxf4 22.O-O-O Nf8
23.g3 Rf2 24.Rd2 Rxd2 25.Kxd2 Kg7 26.Ke3 Rc8 27.Be2 a6 28.b4 Rb8 29.Kd4 Kf7
30.Rc1 Ke7 31.Na4 Be8 32.c5 bxc5+ 33.Nxc5 a5 34.bxa5 Bg6 35.a6 Rd8 36.Nb7  1-0

[Event "9th Asian Continental"]
[Site "Olongapo City PHI"]
[Date "2010.04.21"]
[Round "1"]
[White "Zeng Chongsheng"]
[Black "Megaranto,S"]
[Result "0-1"]
[WhiteElo "2350"]
[BlackElo "2527"]

1.d4 Nf6 2.c4 e6 3.Nc3 Bb4 4.Nf3 b6 5.g3 Bb7 6.Bg2 O-O 7.O-O Bxc3 8.bxc3 Nc6
9.Ne5 Na5 10.Bxb7 Nxb7 11.Bg5 Nd6 12.Qd3 Nde4 13.Bh4 g5 14.f3 Nc5 15.Qe3 gxh4
16.dxc5 Kh8 17.Rad1 Qe7 18.Qd4 Rad8 19.cxb6 axb6 20.g4 d6 21.Nc6 e5 22.Qf2 Qe6
23.Nxd8 Rxd8 24.c5 bxc5 25.Qxh4 Ra8 26.Rb1 Nd5 27.Rb7 Nxc3 28.Rxc7 Nxe2+
29.Kh1 Nf4 30.a4 Qa2 31.Qf6+ Kg8 32.Qg5+ Kh8 33.Qf6+ Kg8 34.Qg5+ Kf8 35.Qe7+ Kg7
36.Qg5+ Ng6 37.Kg1 h6 38.Qc1 Nf4  0-1

[Event "ch-SRB"]
[Site "Kragujevac SRB"]
[Date "2010.04.27"]
[Round "9"]
[White "Drazic,S"]
[Black "Govedarica,R"]
[Result "1/2-1/2"]
[WhiteElo "2545"]
[BlackElo "2395"]

1.d4 e6 2.c4 Nf6 3.Nc3 Bb4 4.Nf3 c5 5.g3 O-O 6.Bg2 d5 7.O-O cxd4 8.Nxd4 e5
9.Nc2 Bxc3 10.bxc3 dxc4 11.Ba3 Qxd1 12.Rfxd1 Re8 13.Ne3 Nc6 14.Nxc4 e4 15.Nd6 Re5
16.c4 Bg4 17.Bb2 Re7 18.Bxf6 gxf6 19.Bxe4 Bxe2 20.Rd2 Rd8 21.f3 Re6 22.c5 Ba6
23.Kf2 Ne7 24.Rad1 Rd7 25.Bf5 Nxf5 26.Nxf5 Rxd2+ 27.Rxd2 h5 28.f4 Re4 29.Nd6 Re7
30.a4 Kh7 31.Nb5 Kg6 32.Kf3 Re1 33.Nc7 Bc4 34.Rd4 Rc1 35.Nd5 Bxd5+ 36.Rxd5 Rc3+
37.Kg2 a5 38.Kh3 Rc2 39.Rd7 Rxc5 40.Rxb7 Rc4 41.Kh4 Rxa4 42.Rb5 f5 43.Rb6+ f6
44.Rb5 Ra3 45.Rc5 Ra2 46.h3 a4 47.Ra5 a3 48.Ra6 Ra1 49.Ra5 Ra2  1/2-1/2

[Event "ch-SRB w"]
[Site "Pancevo SRB"]
[Date "2010.04.27"]
[Round "8"]
[White "Rakic,Ma"]
[Black "Miladinovic,L"]
[Result "1-0"]
[WhiteElo "2306"]
[BlackElo "2038"]

1.d4 Nf6 2.c4 e6 3.Nf3 Bb4+ 4.Nc3 c5 5.g3 cxd4 6.Nxd4 Qc7 7.Bg2 Qxc4 8.O-O O-O
9.Bg5 Bxc3 10.bxc3 Nd5 11.Rc1 h6 12.Bd2 Nc6 13.e4 Nf6 14.Re1 Nxd4 15.cxd4 Qxd4
16.e5 Nh7 17.Re4 Qb6 18.Bb4 Re8 19.Qh5 d5 20.Rf4 Kh8 21.Qxf7 Rg8 22.h4 Qd8
23.Rc7 a5 24.Bc5 Qe8 25.Bf1 Qxf7 26.Rfxf7 b5 27.Bd3 Ba6 28.Be3 b4 29.Bxa6 Rxa6
30.Bxh6 a4 31.Bxg7+ Rxg7 32.Rxg7 Nf8 33.Ra7 Rb6 34.Rgb7 Rc6 35.Rb8 Kg8 36.Raa8 b3
37.axb3 axb3 38.Rxf8+ Kg7 39.Rfb8  1-0

[Event "ch-SRB"]
[Site "Kragujevac SRB"]
[Date "2010.04.30"]
[Round "12"]
[White "Sedlak,N"]
[Black "Bogosavljevic,B"]
[Result "1/2-1/2"]
[WhiteElo "2570"]
[BlackElo "2531"]

1.d4 Nf6 2.c4 e6 3.Nc3 Bb4 4.Nf3 c5 5.g3 d5 6.cxd5 Nxd5 7.Bd2 cxd4 8.Nxd5 Bxd2+
9.Qxd2 Qxd5 10.Qxd4 Qxd4 11.Nxd4 Bd7 12.Bg2 Nc6 13.Bxc6 Bxc6 14.Nxc6 bxc6
15.O-O-O Rd8 16.Rxd8+ Kxd8 17.Rd1+ Kc7 18.Rd4 Re8 19.Rg4 g6 20.Ra4 Kb6 21.g4 h6
22.Rd4 Kc7 23.Kd2 Rb8 24.b3 g5 25.Rd3 Rb4 26.Rf3 Rxg4 27.Rxf7+ Kb6 28.Rf6 Rh4
29.Rxe6 Rxh2  1/2-1/2

[Event "40th Bosna Open"]
[Site "Sarajevo BIH"]
[Date "2010.05.05"]
[Round "1"]
[White "Hodzic,N"]
[Black "Fier,A"]
[Result "0-1"]
[WhiteElo "2294"]
[BlackElo "2581"]

1.d4 Nf6 2.c4 e6 3.Nc3 Bb4 4.Nf3 b6 5.Bg5 Bb7 6.Nd2 h6 7.Bh4 O-O 8.Qc2 c5
9.d5 Bxc3 10.bxc3 exd5 11.cxd5 g5 12.Bg3 Bxd5 13.e4 Re8 14.O-O-O Nxe4 15.Nc4 Nxg3
16.hxg3 Be4 17.Bd3 Bxd3 18.Rxd3 Re6 19.Ne3 Nc6 20.Nf5 Qf8 21.Re3 c4 22.Rxe6 fxe6
23.Nxh6+ Kg7 24.Rh5 Kf6 25.Ng4+ Ke7 26.Rh7+ Kd6 27.Qd2+ Kc5 28.Rxd7 Kb5 29.Qxg5+ Ka6
30.Kb2 Rb8 31.Qf4 Qc5 32.Ne3 Ne5 33.Kc2 Nxd7  0-1

[Event "40th Bosna Open"]
[Site "Sarajevo BIH"]
[Date "2010.05.11"]
[Round "7"]
[White "Stefansson,H"]
[Black "Saric,A"]
[Result "1-0"]
[WhiteElo "2588"]
[BlackElo "2489"]

1.d4 Nf6 2.c4 e6 3.Nc3 Bb4 4.Nf3 c5 5.g3 d5 6.cxd5 Nxd5 7.Bd2 Nc6 8.e4 Nf6
9.e5 Nd7 10.a3 Ba5 11.dxc5 Ndxe5 12.Nxe5 Nxe5 13.b4 Bc7 14.Nb5 Bd7 15.Be2 Nf3+
16.Bxf3 Bxb5 17.Bc3 Qg5 18.a4 Rd8 19.Qc1 Qf5 20.Bxb7 Bd3 21.Qe3 O-O 22.Bf3 Bc2
23.Be2 Qh3 24.b5 e5 25.a5 e4 26.b6 Qg2 27.Rf1 Bb8 28.c6 Rd3 29.Bxd3 Bxd3
30.O-O-O Bxf1 31.Qg5 f6 32.Bxf6 Rxf6 33.Rd8+ Kf7 34.Rd7+ Ke8 35.Qc5 Bd6 36.c7 Kxd7
37.c8=Q+ Ke7 38.Qb7+  1-0

[Event "40th Bosna Open"]
[Site "Sarajevo BIH"]
[Date "2010.05.11"]
[Round "7"]
[White "Hodzic,N"]
[Black "Gerzhoy,L"]
[Result "0-1"]
[WhiteElo "2294"]
[BlackElo "2469"]

1.d4 Nf6 2.c4 e6 3.Nc3 Bb4 4.Nf3 c5 5.g3 O-O 6.Bg2 cxd4 7.Nxd4 d5 8.cxd5 Nxd5
9.Bd2 Bxc3 10.bxc3 Nb6 11.Be3 Nd5 12.Bd2 e5 13.Nb5 Nc6 14.Bc1 Be6 15.Ba3 Qa5
16.Bxf8 Qxb5 17.Ba3 Nxc3 18.Qd2 Nb1 19.Qd6 Qa5+ 20.Bb4 Nxb4 21.O-O Rd8 22.Qe7 Nc3
23.Kh1 Bd5 24.f3 Bc6 25.e4 Re8 26.Qg5 Qd8 27.Qc1 Qd4 28.a3 Nd3 29.Qd2 h6
30.h4 Rd8 31.Kh2 Ba4 32.Bh3 Nc5 33.Qg2 Bb5 34.Rf2 N3xe4 35.Rfa2 Nc3 36.Rf2 Nd1
37.Rfa2 Bc4  0-1

[Event "TCh-UKR Clubs"]
[Site "Alushta UKR"]
[Date "2010.05.14"]
[Round "2"]
[White "Nedilko,V"]
[Black "Brodsky,M"]
[Result "1/2-1/2"]
[WhiteElo "2409"]
[BlackElo "2537"]

1.d4 Nf6 2.c4 e6 3.Nc3 Bb4 4.Nf3 c5 5.g3 cxd4 6.Nxd4 Ne4 7.Qd3 Qa5 8.Nb3 Nxc3
9.Bd2 Ne4 10.Qxe4 Bxd2+ 11.Nxd2 O-O 12.Bg2 Nc6 13.Qe3 d5 14.O-O d4 15.Qd3 e5
16.f4 Nb4 17.Qe4 Nc6 18.Nf3 exf4 19.Qxf4 Qc5 20.Ng5 Be6 21.b3 d3+ 22.e3 Rad8
23.Rad1 Nb4 24.Nxe6 fxe6 25.Qe4 Nxa2 26.Rxf8+ Qxf8 27.Rxd3 Rxd3 28.Qxd3 Qe7
29.Be4  1/2-1/2

[Event "TCh-UKR Clubs"]
[Site "Alushta UKR"]
[Date "2010.05.16"]
[Round "6"]
[White "Moiseenko,A1"]
[Black "Jobava,Ba"]
[Result "1/2-1/2"]
[WhiteElo "2669"]
[BlackElo "2715"]

1.d4 Nf6 2.c4 e6 3.Nc3 Bb4 4.Nf3 c5 5.g3 b6 6.Bg2 Bb7 7.O-O Bxc3 8.bxc3 Nc6
9.dxc5 bxc5 10.Bg5 Na5 11.Qd3 h6 12.Bxf6 Qxf6 13.Rab1 Bc6 14.Nd2 O-O 15.Nb3 Nxb3
16.Rxb3 Qe5 17.Bxc6 dxc6 18.Rb7 a5 19.Rfb1 Rad8 20.Qc2 Qh5 21.h4  1/2-1/2

[Event "Municipality Cup"]
[Site "Tbilisi GEO"]
[Date "2010.05.16"]
[Round "2"]
[White "Ter Karapetian,Al"]
[Black "Paichadze,L"]
[Result "0-1"]
[WhiteElo "2168"]
[BlackElo "2452"]

1.Nf3 e6 2.c4 Nf6 3.Nc3 Bb4 4.d4 O-O 5.e3 c5 6.Bd3 cxd4 7.exd4 d5 8.O-O dxc4
9.Bxc4 a6 10.Bg5 Be7 11.Qe2 b5 12.Bb3 Bb7 13.a3 Nbd7 14.Rfe1 Nb6 15.Rad1 Nbd5
16.Ne5 Nxc3 17.bxc3 Nd5 18.Bxe7 Qxe7 19.Bxd5 Bxd5 20.Qb2 Qg5 21.f3 Rfc8 22.Rd3 Rc7
23.Rde3 Rac8 24.g3 h5 25.f4 Qf5 26.Rc1 h4 27.Qf2 hxg3 28.Qxg3 a5 29.Ng4 Qg6
30.Re5 b4 31.axb4 axb4 32.c4 Rxc4 33.Rxc4 Rxc4 34.f5 Qg5 35.fxe6 Rc1+ 36.Kf2 Qd2+
37.Re2 Qxd4+ 38.Qe3 Qxe3+ 39.Kxe3 Bxe6 40.Nf2 b3 41.Nd3 Rc3 42.Kd4 Rc4+ 43.Ke3 Bf5
44.Rf2 Bxd3 45.Kxd3 Rh4 46.Ke3 g6 47.Kf3 Rb4 48.Rb2 Kg7 49.h3 f5 50.Ke3 Kh6  0-1

[Event "TCh-UKR Clubs"]
[Site "Alushta UKR"]
[Date "2010.05.18"]
[Round "9"]
[White "Nedilko,V"]
[Black "Tichonov,J"]
[Result "1-0"]
[WhiteElo "2409"]
[BlackElo "2140"]

1.d4 Nf6 2.c4 e6 3.Nc3 Bb4 4.Nf3 b6 5.Bg5 Bb7 6.Nd2 h6 7.Bh4 Bxc3 8.bxc3 d6
9.f3 Nbd7 10.e4 e5 11.Bd3 Qe7 12.Qa4 c5 13.d5 g5 14.Bf2 h5 15.h4 g4 16.Nf1 Kd8
17.Ng3 Kc7 18.Nf5 Qd8 19.Be3 Nh7 20.fxg4 hxg4 21.g3 Ndf6 22.O-O Qd7 23.Qxd7+ Kxd7
24.Rf2 Nh5 25.Kg2 Ba6 26.Nh6 f6 27.Be2 Rhg8 28.Nxg8 Rxg8 29.a4 Kc7 30.Rf5 Ng7
31.Rff1 Ne8 32.a5 Kb7 33.axb6 axb6 34.Ra2 Nf8 35.h5 Nd7 36.h6  1-0

[Event "TCh-UKR Clubs"]
[Site "Alushta UKR"]
[Date "2010.05.19"]
[Round "10"]
[White "Zubov,A UKR"]
[Black "Opryshko,S"]
[Result "1/2-1/2"]
[WhiteElo "2586"]
[BlackElo "2237"]

1.d4 Nf6 2.c4 e6 3.Nc3 Bb4 4.Nf3 b6 5.Bg5 h6 6.Bh4 Bb7 7.Nd2 c5 8.a3 Bxc3
9.bxc3 d6 10.e3 Qe7 11.f3 Nbd7 12.Qa4 g5 13.Bf2 e5 14.e4 Nh5 15.g3 O-O-O
16.Qxa7 Kc7 17.Qa4 f5 18.d5 Nhf6 19.Qc2 f4 20.Bh3 g4 21.fxg4 Rdg8 22.Qd1 h5
23.g5 Rxg5 24.Qe2 Ng4 25.Bg1 Rgg8 26.O-O-O Ndf6 27.Rf1 Ra8 28.Kb2 Ra4 29.Bg2 Rha8
30.Ra1 Ba6 31.Bf3 Qe8 32.Kc2 Bc8 33.Kb2 Ba6 34.Kc2 Bc8  1/2-1/2

[Event "2nd SCS Open"]
[Site "Bhubaneswar IND"]
[Date "2010.05.22"]
[Round "1"]
[White "Ali,MdK"]
[Black "Ovetchkin,R"]
[Result "0-1"]
[WhiteElo "1980"]
[BlackElo "2519"]

1.d4 Nf6 2.c4 e6 3.Nc3 Bb4 4.Nf3 d5 5.e3 O-O 6.Bd3 c5 7.a3 cxd4 8.axb4 dxc3
9.bxc3 dxc4 10.Bxc4 Qxd1+ 11.Kxd1 Ne4 12.Bb2 Nxf2+ 13.Ke2 Nxh1 14.Rxh1 Nd7
15.Rd1 Nb6 16.Bb3 Bd7 17.c4 Ba4 18.Bxa4 Nxa4 19.Bd4 a5 20.b5 Rfc8 21.Rc1 Nc5
22.Bxc5 Rxc5 23.Kd3 Rd8+ 24.Ke2 Rdc8 25.Ra1 b6 26.Nd4 Kf8 27.Ra4 Ke7 28.Kd3 f5
29.Nb3 R5c7 30.Nd4 Kf6 31.Ne2 Rd7+ 32.Kc3 Rcd8 33.Nd4 e5 34.Nc6 Rd3+ 35.Kc2 Rd2+
36.Kc1 Rd1+ 37.Kc2 R8d2+ 38.Kc3 Rxg2 39.Nxa5 bxa5 40.Rxa5 Rc1+ 41.Kb3 f4
42.exf4 e4  0-1

[Event "ch-CHN w"]
[Site "Xinghua CHN"]
[Date "2010.05.25"]
[Round "2"]
[White "Huang Qian"]
[Black "Ding Yixin"]
[Result "1-0"]
[WhiteElo "2437"]
[BlackElo "2327"]

1.d4 Nf6 2.c4 e6 3.Nc3 Bb4 4.Nf3 d5 5.cxd5 exd5 6.Bg5 h6 7.Bh4 g5 8.Bg3 Ne4
9.Rc1 c5 10.dxc5 Nc6 11.Nd4 Qa5 12.Nxc6 bxc6 13.Be5 Bxc5 14.Bd4 Bxd4 15.Qxd4 O-O
16.e3 Rb8 17.Qa4 Qc5 18.Ne2 Qe7 19.f3 Nd6 20.Qa3 Qe5 21.Nd4 Re8 22.Be2 Qxe3
23.Qxe3 Rxe3 24.Kd2 Re8 25.b3 Nf5 26.Nxc6 Rb7 27.Bd3 Rc7 28.Bxf5 Bxf5 29.Nd4 Rxc1
30.Rxc1 Bc8 31.Rc7 a6 32.a4 Kg7 33.b4 Kf6 34.Kd3 Be6 35.Ra7 Rb8 36.b5 axb5
37.axb5 g4 38.Kc3 gxf3 39.gxf3 Kg5 40.Kb4 Kf4 41.Ra3 Rc8 42.Nc6 d4 43.Rd3 h5
44.Kc5 Bf5 45.Rxd4+ Kxf3 46.Rd6 Be4 47.b6 Bxc6 48.Rxc6 Rb8 49.Rh6 f5 50.Rxh5 f4
51.Rf5 Ke3 52.Kc6 Rc8+ 53.Kd7 Rc1 54.b7 Rb1 55.Kc7 Ke4 56.Rf8 Rc1+ 57.Kd6 Kd4  1-0

[Event "XXIX Open A"]
[Site "Zalakaros HUN"]
[Date "2010.05.28"]
[Round "3"]
[White "Borsos,B"]
[Black "Eperjesi,L"]
[Result "0-1"]
[WhiteElo "2334"]
[BlackElo "2203"]

1.d4 Nf6 2.c4 e6 3.Nf3 Bb4+ 4.Nc3 O-O 5.g3 c5 6.Bg2 cxd4 7.Nxd4 d5 8.cxd5 Nxd5
9.Bd2 Bxc3 10.bxc3 e5 11.Qb3 Nb6 12.Nf3 Nc6 13.O-O Be6 14.Qc2 h6 15.Rfd1 Qc7
16.Qe4 Rad8 17.Qh4 Bc4 18.Bf1 f5 19.a4 Na5 20.Be3 Nd5 21.Nd2 Nxe3 22.fxe3 Rxd2
23.Rxd2 Nb3 24.Rad1 Nxd2 25.Rxd2 Qc5 26.Kh1 Bd5+ 27.Bg2 Bxg2+ 28.Kxg2 Qxc3
29.Rd8 Qc6+ 30.Kf2 Rxd8 31.Qxd8+ Kf7 32.Qb8 Qxa4 33.Qxe5 Qe4 34.Qa5 a6 35.Qc7+ Kg6
36.Qd6+ Kh7 37.h4 a5 38.h5 a4 39.Qg6+ Kg8 40.Qd6 Qc6 41.Qd8+ Kf7 42.Qd3 b5
43.Kg1 Ke6 44.Qd4 Qd7 45.Qc3 Kf7 46.Qc5 Kf6 47.Qb6+ Kf7 48.Qc5 g6 49.Qb6 gxh5
50.Qxh6 Qe6 51.Qxh5+ Ke7 52.Qg5+ Kd6 53.g4 fxg4 54.Qxb5 Qxe3+ 55.Kg2 Qh3+
56.Kg1 Qe3+ 57.Kh1 Qb3 58.Qe8 g3 59.Kg2 Kc5 60.Qc8+ Kb4 61.Qf8+ Kc3 62.Kxg3 Kd2+
63.Kf2 Qe3+ 64.Kf1 Qxe2+ 65.Kg1 Qe3+ 66.Kh1 Qb3 67.Qf4+ Kc2 68.Qf2+ Kc1 69.Qf4+ Kb1
70.Qf1+ Ka2 71.Qf2+ Qb2 72.Qf7+ Ka1 73.Qc4 a3 74.Qf7 Qc1+ 75.Kh2 a2 76.Qf2 Qb2
77.Kh1 Kb1 78.Qf5+ Ka1 79.Qf2 Qc1+ 80.Kh2 Kb1  0-1

[Event "ch-CHN"]
[Site "Xinghua CHN"]
[Date "2010.05.31"]
[Round "7"]
[White "Zhou Weiqi"]
[Black "Zhou Jianchao"]
[Result "1-0"]
[WhiteElo "2585"]
[BlackElo "2652"]

1.d4 Nf6 2.c4 e6 3.Nf3 Bb4+ 4.Nc3 b6 5.Bg5 Bb7 6.e3 h6 7.Bh4 Bxc3+ 8.bxc3 d6
9.Nd2 Nbd7 10.f3 Qe7 11.Be2 e5 12.Bf2 O-O 13.O-O Nh5 14.Qa4 f5 15.Rae1 Nhf6
16.Bd3 g6 17.e4 f4 18.c5 dxc5 19.Nb3 Kg7 20.dxc5 Qe6 21.Bc4 Bc6 22.Qb4 Qe8
23.Qa3 g5 24.h3 h5 25.Nd4 exd4 26.cxd4 bxc5 27.e5 Nd5 28.e6 N7b6 29.Bxd5 Nxd5
30.Re5 Qe7 31.Qa6 Qd6 32.Rfe1 Ne3 33.Bxe3 fxe3 34.R1xe3 Be8 35.Qb7 cxd4 36.Rxg5+ Kh7
37.Ree5 Bg6 38.Rxh5+ Bxh5 39.Rxh5+ Kg6 40.Rh4 Qe5 41.Re4 Qf5 42.e7 Rfe8 43.Qxc7 d3
44.Qd6+ Kh7 45.Rh4+ Kg7 46.Qh6+ Kg8  1-0

[Event "XXIX Open A"]
[Site "Zalakaros HUN"]
[Date "2010.05.31"]
[Round "6"]
[White "Fodor,T jr"]
[Black "Gonda,L"]
[Result "1/2-1/2"]
[WhiteElo "2420"]
[BlackElo "2512"]

1.d4 Nf6 2.c4 e6 3.Nc3 Bb4 4.Nf3 Ne4 5.Qd3 f5 6.g3 b6 7.Bg2 Bb7 8.O-O Nxc3
9.bxc3 Be4 10.Qe3 Be7 11.d5 exd5 12.cxd5 O-O 13.Nd4 Bxg2 14.Kxg2 Bd6 15.Qd3 Qf6
16.Nb5 Na6 17.Be3 Nc5 18.Qc4 Nb7 19.Rad1 Rfc8 20.Qd3 Nc5 21.Bxc5 Bxc5 22.d6 cxd6  1/2-1/2

[Event "9th TCh-BIH Premier"]
[Site "Bihac BIH"]
[Date "2010.06.05"]
[Round "1"]
[White "Saric,Ib"]
[Black "Komic,I"]
[Result "1-0"]
[WhiteElo "2558"]
[BlackElo "2234"]

1.d4 Nf6 2.c4 e6 3.Nc3 Bb4 4.Nf3 c5 5.g3 cxd4 6.Nxd4 Ne4 7.Qd3 Qa5 8.Nb3 Nxc3
9.Bd2 Ne4 10.Qxe4 Bxd2+ 11.Nxd2 O-O 12.Bg2 Nc6 13.Qd3 Rd8 14.O-O d5 15.Rfd1 Qa6
16.a3 Ne5 17.Qd4 Nc6 18.Qh4 Bd7 19.b4 dxc4 20.Nxc4 Be8 21.Bf3 Rxd1+ 22.Rxd1 b5
23.Na5 h6 24.Rd6 Rc8 25.Qe4  1-0

[Event "1st Open"]
[Site "Di Roseto ITA"]
[Date "2010.06.08"]
[Round "5"]
[White "Epishin,V"]
[Black "Barlocco,C"]
[Result "1-0"]
[WhiteElo "2611"]
[BlackElo "2156"]

1.d4 Nf6 2.c4 e6 3.Nc3 Bb4 4.Nf3 O-O 5.g3 Nc6 6.Bg2 d6 7.O-O Bxc3 8.bxc3 e5
9.Rb1 Re8 10.Bg5 h6 11.Bxf6 Qxf6 12.e3 Rd8 13.Nd2 Qf5 14.Rb2 exd4 15.cxd4 Qa5
16.Qa1 Bd7 17.c5 dxc5 18.Nb3 Qa3 19.Nxc5 Na5 20.Rc1 Rab8 21.Rbb1 Be6 22.Rc3 Qxa2
23.Nxe6  1-0

[Event "National Open"]
[Site "Las Vegas USA"]
[Date "2010.06.13"]
[Round "5"]
[White "Kavutskiy,K"]
[Black "Harmon,L"]
[Result "0-1"]
[WhiteElo "2132"]
[BlackElo "2062"]

1.d4 Nf6 2.c4 e6 3.Nc3 Bb4 4.Nf3 b6 5.Qb3 c5 6.Bg5 Nc6 7.e3 O-O 8.a3 Bxc3+
9.Qxc3 h6 10.Bh4 cxd4 11.Nxd4 Bb7 12.Nf3 Rc8 13.Be2 Nb8 14.O-O d5 15.Rfd1 Nbd7
16.b4 Qe8 17.Qb3 dxc4 18.Bxc4 Bxf3 19.gxf3 Ne5 20.Be2 Qc6 21.e4 Qc2 22.Qa2 Nh5
23.Bg3 Ng6 24.Qxc2 Rxc2 25.Ba6 Nhf4 26.Rdc1 Rxc1+ 27.Rxc1 Rd8 28.Rc8 Rxc8
29.Bxc8 Kf8 30.Kf1 Ke7 31.Ke1 h5 32.h4 e5 33.Kf1 Kd6 34.Ba6 Nf8 35.Bc4 f6
36.Ke1 g5 37.Bf7 N8g6 38.hxg5 fxg5 39.Kd2 h4 40.Bh2 Nf8 41.Bb3 N8e6 42.Bd1 Nd4
43.Ke3 Nb5 44.a4 Nd4 45.Kd2 Nc6 46.Kc3 Nh3 47.Be2 Nd4 48.Kd2 Nxf2 49.Bg1 Nh3
50.Be3 Nf4 51.Bd1 Ke6 52.Kc3 h3  0-1

[Event "45th Capablanca Mem Open"]
[Site "Havana CUB"]
[Date "2010.06.17"]
[Round "7"]
[White "Alvarez Pedraza,A"]
[Black "Borges Mateos,J"]
[Result "1/2-1/2"]
[WhiteElo "2500"]
[BlackElo "2468"]

1.d4 e6 2.c4 Nf6 3.Nc3 Bb4 4.Nf3 b6 5.Bg5 Bb7 6.e3 h6 7.Bh4 g5 8.Bg3 Ne4
9.Nd2 Nxg3 10.hxg3 Bxc3 11.bxc3 Qe7 12.f3 d6 13.Bd3 Nd7 14.Qa4 f5 15.O-O-O a6
16.e4 f4 17.e5 dxe5 18.Bg6+ Kf8 19.gxf4 Kg7 20.Qc2 exf4 21.Rhe1 Rhf8 22.Kb2 b5
23.c5 Bd5 24.Re2 Qf6 25.Be4 Rae8 26.Rde1 Qf7 27.Nb3 Nf6 28.Bd3 c6 29.Nd2 Re7
30.Ka1 Rfe8 31.c4 bxc4 32.Bxc4 a5 33.Qa4 e5 34.Rxe5 Rxe5 35.Rxe5 Rxe5 36.dxe5 Nd7
37.Bb3 Qe7 38.Qxa5 Qxe5+ 39.Kb1 Bxb3 40.Nxb3 Kf7 41.a4 h5 42.Qb4 g4 43.Qc4+ Ke7
44.a5 gxf3 45.gxf3 h4 46.Nd4 Qxc5 47.Qe6+ Kd8 48.Qg8+ Ke7 49.Qg7+ Kd6 50.Qg6+ Kd5
51.Qe4+ Kd6 52.Qg6+ Kd5 53.Qe4+  1/2-1/2

[Event "14th FIDE Open"]
[Site "Voronezh RUS"]
[Date "2010.06.18"]
[Round "6"]
[White "Kruchev,B"]
[Black "Kopytin,V"]
[Result "1-0"]
[WhiteElo "2252"]
[BlackElo "2083"]

1.d4 Nf6 2.c4 e6 3.Nf3 Bb4+ 4.Nc3 O-O 5.g3 b6 6.Bg2 Bb7 7.O-O d6 8.Qc2 Bxc3
9.Qxc3 c5 10.Rd1 Qe7 11.b3 Nbd7 12.Bb2 Rac8 13.Nd2 Bxg2 14.Kxg2 d5 15.dxc5 bxc5
16.Qa5 Nb8 17.Bxf6 gxf6 18.Nf3 Rfd8 19.Qd2  1-0

[Event "Open"]
[Site "Eforie Nord ROU"]
[Date "2010.06.23"]
[Round "7"]
[White "Bargan,Se"]
[Black "Prodileanu,A"]
[Result "1-0"]
[WhiteElo "2338"]
[BlackElo "2170"]

1.d4 Nf6 2.c4 e6 3.Nc3 Bb4 4.Nf3 b6 5.e3 Bb7 6.Bd3 Ne4 7.Qc2 f5 8.O-O Bxc3
9.bxc3 O-O 10.Rb1 Rf6 11.Nd2 Rh6 12.f4 Nxd2 13.Qxd2 Qh4 14.g3 Qh3 15.Re1 Rg6
16.Qf2 d6 17.e4 Bxe4 18.Rxe4 fxe4 19.Bxe4 c6 20.d5 Rf6 21.dxc6 Na6 22.c7 Raf8
23.c8=Q Rxc8 24.Bb7 Rxc4 25.Bxa6 Ra4 26.Bf1 Qf5 27.Rb5 Qe4 28.Qd2 Qc6 29.Rh5 a6
30.Bg2 Qc4 31.a3 Ra5 32.Rxa5 bxa5 33.Bf1 Qc6 34.Qd3 Rf5 35.Bh3 Rf6 36.Be3 Kf7
37.Bg2 d5 38.Bd4 Rh6 39.f5 Kg8 40.Qe3 exf5 41.Qe5  1-0

[Event "King's Gambit A"]
[Site "Lipetsk RUS"]
[Date "2010.06.24"]
[Round "2"]
[White "Romanko,M"]
[Black "Zontakh,A"]
[Result "0-1"]
[WhiteElo "2411"]
[BlackElo "2532"]

1.d4 Nf6 2.c4 e6 3.Nc3 Bb4 4.Nf3 b6 5.Bg5 Bb7 6.Nd2 h6 7.Bh4 Be7 8.e4 O-O
9.Bg3 d6 10.Bd3 Nc6 11.d5 Nd4 12.Nf3 Nxf3+ 13.gxf3 exd5 14.cxd5 c6 15.dxc6 Bxc6
16.Rg1 Nh5 17.Bc2 Nxg3 18.hxg3 Bf6 19.Qd3 Bxc3+ 20.bxc3 Qg5 21.Qxd6 Rac8
22.Bb3 Rfd8 23.Qb4 Qf6 24.Ke2 a5 25.Qxb6 a4 26.Bc4 Qxc3 27.Rgc1 Rd2+ 28.Kf1 Qxf3
29.Ke1 Rcd8 30.Qe3 Qh1+ 31.Bf1 Bb5  0-1

[Event "Open"]
[Site "Eforie Nord ROU"]
[Date "2010.06.25"]
[Round "9"]
[White "Bargan,Se"]
[Black "Stegariu,V"]
[Result "1/2-1/2"]
[WhiteElo "2338"]
[BlackElo "2089"]

1.d4 Nf6 2.Nf3 e6 3.c4 Bb4+ 4.Nc3 O-O 5.e3 Bxc3+ 6.bxc3 c5 7.Bd3 d6 8.O-O Nc6
9.Nd2 e5 10.Nb3 e4 11.Be2 Qe7 12.f4 b6 13.a4 a5 14.Bd2 Ba6 15.d5 Nd8 16.Be1 Nd7
17.g4 f5 18.gxf5 Nf7 19.Kh1 Nh6 20.Rg1 Nxf5 21.Bf2 Qf6 22.Qc2 Rae8 23.Nd2 Qe7
24.Rg5 Kh8 25.Rag1 g6 26.h4 Nf6 27.Nb1 Qd7 28.Kh2 Bc8 29.Bf1 Nh6 30.Rh1 Nfg4+
31.Kg1 Nf7 32.Bh3 Nxg5 33.hxg5 Qf7 34.Na3 h5 35.Bg2 Nxf2 36.Kxf2 Qe7 37.Kg3 Bf5
38.Rb1 Rb8 39.Nb5 Kg7 40.Na3 Bg4 41.Re1 Bf3 42.Bh3 Bg4 43.Bg2 Bf5 44.Rb1 Rfe8
45.Rb2 Qd7 46.Nb5 h4+ 47.Kh2 h3 48.Bf1 Bg4 49.Qf2 Rh8 50.Qg3 Bf5 51.Be2 Rh7
52.Bf1 Bg4 53.f5 Bd1  1/2-1/2

[Event "Open"]
[Site "Eforie Nord ROU"]
[Date "2010.06.26"]
[Round "10"]
[White "Chatalbashev,B"]
[Black "Gavrilov,Al1"]
[Result "0-1"]
[WhiteElo "2593"]
[BlackElo "2494"]

1.d4 Nf6 2.c4 e6 3.Nc3 Bb4 4.Nf3 d5 5.cxd5 exd5 6.Qa4+ Nc6 7.Bg5 h6 8.Bxf6 Qxf6
9.e3 O-O 10.Be2 Be6 11.a3 Bd6 12.Nb5 Bg4 13.Rc1 a6 14.Nxd6 Qxd6 15.Qc2 Rfe8
16.O-O Re7 17.Qc5 Qe6 18.b4 Rd8 19.a4 Rd6 20.b5 axb5 21.axb5 Na5 22.Ra1 Nc4
23.Bxc4 Bxf3 24.Ra8+ Kh7 25.Bd3+ Be4 26.Bxe4+ dxe4 27.Rc1 Rd5 28.Qc4 Qd7
29.Rb1 Re6 30.g3 Rh5 31.Rb8 Rg6 32.Qf1 Rb6 33.Qg2 Qe6 34.Qf1 Qd7 35.Rf8 g6
36.Ra1 Rhxb5 37.Qc4 Rf5 38.d5 Qe7 39.Rc8 Rxf2 40.Rxc7 Qf6 41.Qd4 Rg2+ 42.Kxg2 Rb2+
43.Qxb2 Qxb2+ 44.Kh3 Qxa1 45.Rxf7+ Kg8 46.Rxb7 Qf1+ 47.Kh4 Qf6+ 48.Kh3 Qf5+
49.g4  0-1

[Event "5th Open"]
[Site "Wroclaw POL"]
[Date "2010.06.29"]
[Round "5"]
[White "Kudzma,L"]
[Black "Butnorius,A"]
[Result "1-0"]
[WhiteElo "2207"]
[BlackElo "2439"]

1.d4 Nf6 2.c4 e6 3.Nc3 Bb4 4.Nf3 b6 5.Qc2 Bb7 6.a3 Bxc3+ 7.Qxc3 d6 8.e3 Nbd7
9.Be2 O-O 10.O-O a5 11.b3 Ne4 12.Qc2 f5 13.Bb2 Ndf6 14.Nd2 Nxd2 15.Qxd2 Ne4
16.Qd3 Qg5 17.f3 Rf6 18.Bd1 Rg6 19.Qe2 Nf6 20.Bc2 Qh5 21.Qf2 Rh6 22.Qg3 Rg6
23.Qf2 Rf8 24.b4 Ba6 25.Bd3 Rh6 26.Qg3 Rg6 27.Qf2 Rh6 28.h3 Qg5 29.Kh2 a4
30.b5 Bb7 31.Rae1  1-0

[Event "5th Open"]
[Site "Wroclaw POL"]
[Date "2010.06.30"]
[Round "6"]
[White "Kudzma,L"]
[Black "Leniart,A"]
[Result "0-1"]
[WhiteElo "2207"]
[BlackElo "2423"]

1.d4 Nf6 2.c4 e6 3.Nc3 Bb4 4.Nf3 O-O 5.Qc2 b6 6.e4 Bb7 7.Bd3 Bxc3+ 8.bxc3 Ne8
9.Bg5 f6 10.Bh4 Kh8 11.g4 d6 12.O-O-O e5 13.g5 fxg5 14.Bxg5 Qd7 15.Nh4 Nc6
16.f4 Nf6 17.d5 Ne7 18.Nf3 h6 19.h4 Ng6 20.fxe5 Nxe5 21.Nxe5 dxe5 22.Rdg1 Nh5
23.c5 bxc5 24.Be3 Nf4 25.Bxc5 Rf6 26.Bf1 Rb8 27.Bxa7 Ra8 28.Bc5 Bxd5 29.exd5 Qxd5
30.Bg2 Qxc5 31.Bxa8 Rb6 32.Re1 Qa3+ 33.Kd2 Rd6+ 34.Ke3 Qxa8 35.Rb1 Qa7+ 36.Ke4 Qc5
37.Rhd1 Qc4+ 38.Kf3 Nd3 39.Rb8+ Kh7 40.Rb4 e4+  0-1

[Event "38th World Open"]
[Site "King of Prussia USA"]
[Date "2010.07.01"]
[Round "3"]
[White "Kacheishvili,G"]
[Black "Getz,A"]
[Result "0-1"]
[WhiteElo "2587"]
[BlackElo "2289"]

1.d4 Nf6 2.c4 e6 3.Nc3 Bb4 4.Nf3 O-O 5.Bg5 d5 6.e3 Nbd7 7.cxd5 exd5 8.Rc1 Re8
9.Bd3 Nf8 10.O-O c6 11.Ne5 Ng6 12.f4 Be7 13.Qc2 Ng4 14.Bxe7 Qxe7 15.Rce1 N4xe5
16.fxe5 Be6 17.e4 Qb4 18.Qf2 dxe4 19.Rxe4 Qf8 20.a3 Rad8 21.Ree1 Re7 22.Rd1 Red7
23.Bxg6 hxg6 24.Ne4 Qe7 25.Nd6 Bd5 26.Rfe1 a5 27.Qg3 a4 28.h4 Qe6 29.Rd3 Kh7
30.Rde3 Rh8 31.Rf1 Kg8 32.Rf4 Rh5 33.Qf2 g5 34.Rf5 Rxh4 35.Rxg5 Qh6 36.Qg3 Rh1+
37.Kf2 Rxd6 38.exd6 Qf6+ 39.Ke2 Qf1+ 40.Kd2 Qd1+ 41.Kc3 Qb3+  0-1